Stacje i przystanki kolejowe w Łodzi - Statystyki

Ogólne statystyki
  • Ten quiz został rozwiązany 55 razy
  • Średni wynik to 18 z 25
Statystyki odpowiedzi
Podpowiedz Nazwa % Poprawnych
Stacja kolejowa Łódź Fabryczna
98%
Stacja kolejowa Łódź Widzew
98%
Stacja kolejowa Łódź Kaliska
96%
Stacja kolejowa Łódź Chojny
89%
Przystanek kolejowy Łódź Żabieniec
78%
Przystanek kolejowy Łódź Andrzejów
76%
Przystanek kolejowy Łódź Pabianicka
76%
Przystanek kolejowy Łódź Retkinia
76%
Przystanek kolejowy (w budowie) Łódź Śródmieście
73%
Przystanek kolejowy Łódź Dąbrowa
71%
Przystanek kolejowy Łódź Niciarniana
71%
Przystanek kolejowy Łódź Marysin
69%
Przystanek kolejowy Łódź Warszawska
69%
Przystanek kolejowy Łódź Zarzew
69%
Przystanek kolejowy Łódź Radogoszcz Wschód
67%
Przystanek kolejowy Łódź Radogoszcz Zachód
67%
Stacja kolejowa Łódź Lublinek
62%
Przystanek kolejowy Łódź Olechów Wschód
62%
Przystanek kolejowy(w budowie) Łódź Polesie
62%
Przystanek kolejowy Łódź Andrzejów Szosa
60%
Przystanek kolejowy Łódź Arturówek
60%
Przystanek kolejowy(w budowie) Łódź Koziny
60%
Przystanek kolejowy Łódź Stoki
60%
Przystanek kolejowy Łódź Olechów Wiadukt
58%
Przystanek kolejowy Łódź Olechów Zachód
58%
Nie znaleziono quizów pasujących do podanych kryteriów
Rozkład punktacji
Procent ludzi z każdym wynikiem
Percentyl według liczby udzielonych odpowiedzi
Twoja historia wyników
Nie rozwiązałeś tego quizu